000 00467nam a22001577a 4500
005 20251108164340.0
008 250721s1990 xx 000 0 ara d
082 1 4 _a410/ميس
100 1 _aكنعان، محمد دروبي
245 1 0 _aالميسر في اللغة العربية /
264 1 _aاربد :
_bدار الأمل للنشر والتوزيع،
_c1990.
300 _a117ص
650 1 7 _aاللغة العربية
942 _2ddc
_cBK
999 _c9968
_d9968